00312nam a2200097Ia 4500008004100000100003100041245006000072245003200132260000900164856004100173160531s9999 xx 000 0 und d aAnchordoqui, Luis Alfredo. aUltrahigh Energy Cosmic Rays: Facts, Myths, and Legends cby Luis Alfredo Anchordoqui c2011 uhttp://arxiv.org/pdf/1104.0509v1.pdf